Our Bible: (Record no. 7582)

000 -LEADER
fixed length control field 00603nam a2200193 a 4500
001 - CONTROL NUMBER
control field :::00005343$&:&@@
003 - CONTROL NUMBER IDENTIFIER
control field OkBaRHE
005 - DATE AND TIME OF LATEST TRANSACTION
control field 20000607103325.0
008 - FIXED-LENGTH DATA ELEMENTS--GENERAL INFORMATION
fixed length control field s1917 j 000 0 eng u
040 ## - CATALOGING SOURCE
Transcribing agency
100 1# - MAIN ENTRY--PERSONAL NAME
Personal name Willett, Herbert L.
245 10 - TITLE STATEMENT
Title Our Bible:
Remainder of title its origin, character and value.
260 ## - PUBLICATION, DISTRIBUTION, ETC. (IMPRINT)
Place of publication, distribution, etc Chicago, IL., :
Name of publisher, distributor, etc Christian Century Press
Date of publication, distribution, etc c1917
300 ## - PHYSICAL DESCRIPTION
Extent 278 p. ;
Dimensions 20 cm.
650 ## - SUBJECT ADDED ENTRY--TOPICAL TERM
Topical term or geographic name as entry element Bible
General subdivision Evidences, Authority, etc.
650 ## - SUBJECT ADDED ENTRY--TOPICAL TERM
Topical term or geographic name as entry element Bible
General subdivision History
942 ## - ADDED ENTRY ELEMENTS (KOHA)
Source of classification or shelving scheme
Koha item type Books
Copies
Source of classification or shelving scheme Lost status Not for loan Price effective from Withdrawn status Koha item type Date last seen Shelving location Full call number Damaged status Copy number Date acquired Barcode Permanent Location
   2010-04-14 Books2010-04-14General StacksBT 480 .W5 12010-04-145343RHEMA Bible Training College